Informática: paso a paso
Na minha lista:
| Autor principal: | |
|---|---|
| Formato: | Livro |
| Idioma: | espanhol |
| Publicado em: |
Ciudad de México
Alfaomega
2000
|
| Assuntos: | |
| Tags: |
Adicionar Tag
Sem tags, seja o primeiro a adicionar uma tag!
|
MARC
| LEADER | 00000nam a2200000 a 4500 | ||
|---|---|---|---|
| 001 | UCO8506 | ||
| 003 | CL-VaPUC | ||
| 008 | 001207e20000000MX |||||||||||||||||spa|d | ||
| 082 | 0 | 4 | |a 004 |b FER |2 21 |
| 100 | 0 | |a Ferreyra Cortés, Gonzalo |e author |9 453445 | |
| 245 | 1 | 0 | |a Informática: paso a paso |
| 300 | |a 502 p | ||
| 942 | |c BK | ||
| 945 | |d 20001207 00:00:00 |a cmena | ||
| 260 | |a Ciudad de México |b Alfaomega |c 2000 | ||
| 500 | |a Incluye CD-Rom | ||
| 650 | 7 | |a COMPUTACION |2 CL-VaPUC |9 350582 | |
| 650 | 7 | |a HARWARE |2 CL-VaPUC |9 453446 | |
| 650 | 0 | |a Microsoft Word 2000 |9 453447 | |
| 650 | 7 | |a MICROSOFT EXCEL 2000 |2 CL-VaPUC |9 453448 | |
| 650 | 7 | |a MICROSOFT POWERPOINT 2000 |2 CL-VaPUC |9 453449 | |
| 650 | 7 | |a MICROSOFT ACCESS 2000 |2 CL-VaPUC |9 453450 | |
| 650 | 0 | |a Programación de computadores |9 259531 | |
| 650 | 0 | |a Internet |9 254823 | |
| 650 | 0 | |a Software |9 387312 | |
| 583 | |a last modification |c 20001207 00:00:00 |k Rodrigo Vera | ||
| 999 | |c 293121 |d 293119 | ||
| 952 | |0 0 |1 0 |4 0 |6 004_000000000000000_FER_2000 |7 0 |8 A |9 344351 |a BIBING |b BIBING |d 2019-11-20 |i 3674762 |o 004 FER 2000 |p 3674762 |r 2024-01-25 |w 2019-11-20 |y BK |k TRA | ||